000
00314nam a2200133Ia 4500
005
20251222141828.0
008
251222s9999||||xx |||||||||||||| ||spa||
020
_a
84-7239-167-1
082
_a
922.2/T41A
100
_a
Gaucher, Guy
245
0
_a
Asà era Teresa de Lisieux
264
_b
Monte Carmelo
942
_c
LIB
999
_c
7028
_d
7028